000
00325nam a2200145Ia 4500
008
210210b1951 xxu||||| |||| 00| 0 eng d
041
_a
eng
082
_a
883/74
100
_a
TADPATRIKAR
245
_a
Vishvamohanam
260
_a
Poona
_b
-
_c
1951
650
_a
Vishvamohanam
690
_a
Sanskrit Drama
906
_a
024404
999
_c
149895
_d
149895